Komunikácia ako manažérska zručnosť
Dnešná spoločnosť, veda a technika sa rozvíjajú nebývalým tempom, dôsledkom čoho sú oveľa živšie kontakty medzi ľuďmi vo všetkých sférach ľudskej činnosti. To spôsobuje, že nároky na komunikačný proces a na komunikačné zručnosti jednotlivca sú čoraz vyššie. Komunikácia je nástroj na vytváranie osobn...
Salvato in:
| Autore principale: | |
|---|---|
| Altri autori: | |
| Natura: | Capitolo di libro |
| Lingua: | slovacco |
| Soggetti: | |
| Tags: |
Nessun Tag, puoi essere il primo ad aggiungerne!!
|
MARC
| LEADER | 00000nla a2200000 4500 | ||
|---|---|---|---|
| 001 | 0182827 | ||
| 005 | 20220905110332.8 | ||
| 041 | 0 | |a slo | |
| 044 | |a SK | ||
| 245 | 1 | 0 | |a Komunikácia ako manažérska zručnosť |c Danniela Hrehová, Pavel Žiaran |
| 520 | |a Dnešná spoločnosť, veda a technika sa rozvíjajú nebývalým tempom, dôsledkom čoho sú oveľa živšie kontakty medzi ľuďmi vo všetkých sférach ľudskej činnosti. To spôsobuje, že nároky na komunikačný proces a na komunikačné zručnosti jednotlivca sú čoraz vyššie. Komunikácia je nástroj na vytváranie osobných, spoločenských a pracovných kontaktov, zároveň je prostriedkom na upevňovanie a rozvíjanie už existujúcich vzťahov. Za cieľ každej komunikácie sa všeobecne pokladá: informovať a diskutovať. | ||
| 610 | 2 | 0 | |a komunikácia manažérska |
| 610 | 2 | 0 | |a manažéri |
| 610 | 2 | 0 | |a kompetencie manažérske |
| 610 | 2 | 0 | |a zručnosti |
| 100 | 1 | |a Hrehová, Danniela | |
| 700 | 1 | |a Žiaran, Pavel | |